000 00488nam a2200193Ia 4500
005 20230328100218.0
008 131103s9999 xx 000 0 und d
040 _aLoreto College
041 _aEnglish
082 _a822.91
_bSHA-WAR
100 _aShaw,Bernard
245 _aSaint Joan
_cBernard Shaw; edited by A.C.Ward
260 _aBombay
_bOrient Longman
_c1954
300 _alxv,165 p.
504 _aIncludes notes
700 _aWard,A.C.,ed.
850 _aLCLIB
942 _cBK
999 _c4431
_d54910